So sánh khía cạnh kỹ thuật và tài chính trong nuôi tôm biển thâm canh giữa trong và ngoài cống đập Ba Lai, tỉnh Bến Tre : Luận văn tốt nghiệp Cao học. Chuyên ngành Nuôi trồng Thủy sản
Phân tích hiện trạng phát triển nghề nuôi tôm biển thâm canh, so sánh khía cạnh kỹ thuật và tài chính của nghề nuôi tôm biển thâm canh giữa trong và ngoài, trước và sau khi xây dựng cống đập Ba Lai.
Guardat en:
| Autor principal: | |
|---|---|
| Format: | Llibre |
| Idioma: | Undetermined |
| Publicat: |
Cần Thơ
Trường Đại học Cần Thơ
2017
|
| Matèries: | |
| Etiquetes: |
Afegir etiqueta
Sense etiquetes, Sigues el primer a etiquetar aquest registre!
|
| Thư viện lưu trữ: | Trung tâm Học liệu Trường Đại học Cần Thơ |
|---|
| LEADER | 01140nam a2200193Ia 4500 | ||
|---|---|---|---|
| 001 | CTU_224377 | ||
| 008 | 210402s9999 xx 000 0 und d | ||
| 082 | |a 639.68 | ||
| 082 | |b Ph431 | ||
| 100 | |a Hồ, Minh Phong | ||
| 245 | 0 | |a So sánh khía cạnh kỹ thuật và tài chính trong nuôi tôm biển thâm canh giữa trong và ngoài cống đập Ba Lai, tỉnh Bến Tre : | |
| 245 | 0 | |b Luận văn tốt nghiệp Cao học. Chuyên ngành Nuôi trồng Thủy sản | |
| 245 | 0 | |c Hồ Minh Phong ; Trương Hoàng Minh, Ngô Xuân Quảng (Cán bộ hướng dẫn) | |
| 260 | |a Cần Thơ | ||
| 260 | |b Trường Đại học Cần Thơ | ||
| 260 | |c 2017 | ||
| 520 | |a Phân tích hiện trạng phát triển nghề nuôi tôm biển thâm canh, so sánh khía cạnh kỹ thuật và tài chính của nghề nuôi tôm biển thâm canh giữa trong và ngoài, trước và sau khi xây dựng cống đập Ba Lai. | ||
| 650 | |a Shrimp culture,Nuôi tôm | ||
| 980 | |a Trung tâm Học liệu Trường Đại học Cần Thơ | ||